Derecho a la agroecologa̕ una concepcin̤ transformadora para Amřica Latina

Bibliographic Details
Main Author: Jn︢ior, Gladstone Leonel
Format: eBook
Language:Portuguese
Published: Rio de Janeiro: Editora Processo, 2019
Subjects:
Online Access:Acceso restringido

MARC

LEADER 00000nam a22000007a 4500
005 20220720003056.0
007 cr|||| ||||
008 220720s2019 br |||||s|||| 00||0 por d
020 |a 978-8593741-67-8 
035 |a 36744 
040 |a vLex 
090 |c 13608  |d 13608 
100 1 |a Jn︢ior, Gladstone Leonel 
245 1 0 |a Derecho a la agroecologa̕ una concepcin̤ transformadora para Amřica Latina  |h [Recurso electrn̤ico] /  |c Gladstone Leonel Jn︢ior 
256 |a Servicio en ln̕ea 
260 |a Rio de Janeiro:  |b Editora Processo,  |c 2019 
300 |a 1 recurso electrn̤ico 
500 |a ¿Sabes lo que ests̀ comiendo? ¿De donde vienes? Quien produce ¿Cm̤o se produce? ¿Y qu ̌tiene esto que ver con el derecho y el derecho humano a una alimentacin̤ saludable?Se enfrenta a un libro que trata sobre el derecho a la agroecologa̕, mezclado con el debate histr̤ico y actual sobre agricultura, reforma agraria, medio ambiente, derechos humanos y derechos de la naturaleza. Para muchos es un tema nuevo. No para agricultores, agroecl̤ogos, pueblos indg̕enas y otros pueblos tradicionales. Un tema invisible por la lg̤ica de la agricultura industrial capitalista y su narrativa dominada por la ideologa̕ del pensamiento n︢ico del cientificismo.El autor demuestra que hay dos paradigmas conflictivos de biodiversidad. El primero lo mantienen las comunidades locales cuya supervivencia y sostenibilidad estǹ vinculadas al uso y la conservacin̤ de la biodiversidad. El segundo est ̀en manos de los grandes intereses comerciales.Ante esto, ¿cul̀es son los reflejos del debate agroecolg̤ico en el campo del derecho y los derechos humanos? Como la construccin̤ de la ley es producto de luchas culturales, sociales, econm̤icas y polt̕icas, el libro explorar ̀este debate, mirando la agroecologa̕ con un gran potencial para la materializacin̤ de los derechos humanos.El proceso de construccin̤ de la agroecologa̕ es parte del gran movimiento de las luchas de los pueblos contra la mercantilizacin̤ de la vida, comprometiňdose a construir una nueva sociedad sostenible capaz de satisfacer sus necesidades fundamentales y garantizar los derechos de las generaciones futuras. 
506 1 |a Disponible solo en los productos indicados  |d vLex Global  |d vLex Global (Academic Edition, excluding Law Schools)  |d vLex Global (U.S. Academic Edition, Law Schools)  |d vLex Global (U.S. Academic Edition, excluding Law Schools)  |d vLex Global (Academic Edition, Law Schools) 
650 0 4 |a Alimentacin̤  |z Brasil 
740 0 |a vLex Libros (Servicio en ln̕ea) 
856 4 0 |u https://app.vlex.com/#/sources/36744  |z Acceso restringido 
942 |c BOOK 
999 0 |a Feeding